Simulación de modelos estadísticos en ciencias sociales /

Contiene: Simulación estadística; Ejemplos de aplicaciones en Ciencias Sociales; Diseño de estudios de simulación; Simulación de valores aleatorios; Evaluación de generadores de números aleatorios; Monte Carlo mediante cadenas de Markov; Simulaicón de datos perdios; Análisis de resultados; Aplicacio...

Повний опис

Збережено в:
Бібліографічні деталі
Автор: Revuelta, Javier (autor)
Інші автори: Ponsoda Gil, Vicente (autor) (autor)
Формат: Книга
Мова:Іспанська
Опубліковано: Madrid, España : Salamanca, España : La Muralla ; Hespérides, 2003, c2003
Серія:(Cuadernos de Estadística ; 22)
Предмети:
Теги: Додати тег
Немає тегів, Будьте першим, хто поставить тег для цього запису!

MARC

LEADER 00000nam^a2200000^a^4500
001 000156916
005 20250521000000.0
009 20260310100521.669
020 |a 84-7133-728-2 
037 |a Acervo ITESO - Biblioteca 
041 |a ESP 
082 |a 519. 5  |b REV 
100 |a Revuelta, Javier  |e (autor) 
245 1 0 |a Simulación de modelos estadísticos en ciencias sociales /  |c J. Revuelta, V. Ponsoda Gil. 
264 4 |a Madrid, España :  |b La Muralla ;  |a Salamanca, España :  |b Hespérides,  |c 2003, c2003 
300 |a 126 p. 
336 |a texto  |b txt  |2 rdacontenido 
337 |a sin mediación  |b n  |2 rdamedio 
338 |a volumen  |b nc  |2 rdasoporte 
440 1 |a (Cuadernos de Estadística ;  |v 22) 
520 |a Contiene: Simulación estadística; Ejemplos de aplicaciones en Ciencias Sociales; Diseño de estudios de simulación; Simulación de valores aleatorios; Evaluación de generadores de números aleatorios; Monte Carlo mediante cadenas de Markov; Simulaicón de datos perdios; Análisis de resultados; Aplicaciones informáticas. 
649 |a XX 
650 |a Modelos (Metodología) 
650 |a Distribución (Teoría de la Probabilidad) 
650 |a Variables Aleatorias 
650 |a Probabilidad 
650 |a Métodos de Simulación 
650
650 |a Análisis de Varianza 
650 |a Procesos de Markov 
650 |a Algebra Lineal 
650 |a Estadística 
650 |a Matemáticas 
650 |a Automatización 
650 |a Paquetes (Software) 
650 |a Ingeniería Computacional 
650 |a Análisis Estadístico 
650 |a Investigación Descriptiva 
650 |a Metodología Cuantitativa 
650 |a Ciencias Sociales -  |x Metodología 
650 |a Ciencias Sociales -  |x Investigación 
700 |a Ponsoda Gil, Vicente  |e (autor) 
910 |a Fondo General 
920 |a Impresos - Libros 
930 |a Colección General 
905 |a 101 
901 |a 0500085452  |b IT1  |c ACC  |u 20250521 
902 |a https://opac.biblio.iteso.mx/vufind/Record/000156916